| 000 | 00531nam a2200157 i 4500 | ||
|---|---|---|---|
| 001 | 114773 | ||
| 003 | ES-MaACL | ||
| 005 | 20230906190240.0 | ||
| 007 | t| | ||
| 008 | 070327s1922 ag ||||1| spa d | ||
| 100 | 1 |
_aRisso, Enrique J. _997470 |
|
| 245 | 1 | 0 |
_aMemoria leĆda... en la Asamblea del 29 de marzo 1922 _b: periodo 1920-1922. |
| 260 |
_aLa Plata : _bColegio de Escribanos de la Provincia de Buenos Aires, _c1922. |
||
| 710 | 2 |
_aColegio de Escribanos de la Provincia de Buenos Aires. _92905 |
|
| 852 |
_aES-MaACL _j1638-F-3 |
||
| 999 |
_c114773 _d114773 |
||